000 00627nam a2200181 i 4500
001 79170
003 ES-MaACL
005 20240105062953.0
007 t|
008 041020s1963 sp ||||1| spa d
100 2 _aHernández Girbal, F.,
_d1902-2002
_962946
245 1 0 _aJosé de Salamanca, Marqués de Salamanca
_b: (el Montecristo español) /
_cF. Hernández Girbal.
260 _aMadrid :
_bLira,
_c1963.
300 _a680 p., 13 lám. ;
_c22 cm.
600 1 4 _aSalamanca, José de Salamanca y Mayol
_cMarqués de (
_d1811-1883)
_9161888
852 _aES-MaACL
_jC-23290
_bR.51811
999 _c79170
_d79170